| 000 | 00893cam a2200277 a 4500 | ||
|---|---|---|---|
| 001 | 628 | ||
| 005 | 20230627104118.0 | ||
| 008 | 960724s1997 nyu c 000 1 eng | ||
| 020 | _a0060275103 | ||
| 020 | _a0060275111 (lib. bdg.) | ||
| 040 |
_aDLC _cDLC _dDLC _dFISKH _beng |
||
| 050 | 0 | 0 |
_aPZ7.L578345 _bEl 1997 |
| 082 | 0 | 0 |
_a[Fic] _220 |
| 100 | 1 | _aLevine, Gail Carson. | |
| 245 | 1 | 0 |
_aElla enchanted / _cGail Carson Levine. |
| 250 | _aRevised edition, 2011 | ||
| 260 |
_aNew York : _bHarperCollinsPublishers, _c1997. |
||
| 300 |
_a232, 31 pages : _c22 cm. |
||
| 505 | _aM | ||
| 520 | _aIn this novel based on the story of Cinderella, Ella struggles against the childhood curse that forces her to obey any order given to her. | ||
| 521 |
_a670
_bLexile |
||
| 521 |
_aM
_bRaz-Plus |
||
| 650 | 1 | _aFantasy. | |
| 906 |
_a7 _bcbc _corignew _d1 _eocip _f19 _gy-gencatlg |
||
| 942 |
_2ddc _cBK _n0 |
||
| 999 |
_c628 _d628 |
||